000
00335nam a22001457a 4500
008
210512b ||||| |||| 00| 0 eng d
020
_a
9780816039098
041
_a
eng
080
_2
3rd
_a
54
082
_a
54
100
_a
12
101
_a
KIM
245
_a
The Facts on File Dictionary of Chemistry
_c
Daintith,J
942
_2
udc
_c
BK
999
_c
57276
_d
57276